000 00857cam a2200217 i 4500
005 20260127122325.0
008 250721s1998 le gr 000 0 ara d
082 1 4 _a347.09
_bج م ا
100 1 _aالجمال، مصطفى
_eمؤلف.
245 1 2 _aالتحكيم في العلاقات الخاصة الدولية والداخلية /
_cدكتور مصطفى محمد الجمال، دكتور عكاشة محمد عبدالعال.
250 _aالطبعة الأولى.
264 3 1 _aبيروت :
_bالحلبي،
_c1998.
300 _aالجزء الأول.
650 1 7 _aالتحكيم.
650 1 7 _aالتحكيم الدولي.
650 1 7 _aالتحكيم التجاري.
650 1 7 _aالقانون المدني.
700 1 _aعبد العال، عكاشة
_eمؤلف.
942 _2ddc
_cBK
999 _c86203
_d86203